00337nam a2200109Ia 4500008004100000082000800041100001300049245004500062942000600107952009900113999001500212240331s9999 xx 000 0 und d bABR aAbrol, D 0aArivuch chothu urimaigal :boor vilakkam cL 001040708LaWERCLbWERCLcSSCd2024-03-31l0o 327.111 ABRp1202r2024-03-31w2024-03-31yL c2552d2552